000 00372nam a2200157Ia 4500
008 210210b1945 xxu||||| |||| 00| 0 eng d
041 _aeng
082 _a825/73
100 _aBENNETT (J)
245 _aVirginia woolf
260 _aCambridge
_bAt the University Press
_c1945
650 _awoolf
650 _aVirginia
690 _aEnglish Criticism
906 _a014391
999 _c133561
_d133561